Statystyki dla PODWÓRKOWE GRY Z DZIECIŃSTWA

Kliknij tutaj aby rozwiązać quiz!

Ogólne statystyki

  • Ten quiz został rozwiązany 86 razy
  • Średni wynik to 3 z 6

Statystyki odpowiedzi

Odpowiedź% Poprawnych
CHOWANY
86%
BEREK
84%
KLASY
74%
GUMA
40%
PODCHODY
35%
PIŁKA
26%

Rozkład punktacji

Percentyl według liczby udzielonych odpowiedzi

Procent ludzi z każdym wynikiem

Twoja historia wyników

Nie rozwiązałeś tego quizu